| 000 | 00927nam0a22002651 4500 | ||
|---|---|---|---|
| 001 | rc\4859465 | ||
| 005 | 20250613021442.0 | ||
| 021 |
_aRU _b[66-6668] |
||
| 035 | _a(NLR Aleph) 008903541 | ||
| 090 |
_a8718322 _c8718323 |
||
| 100 | _a20130426d1965 |||y0rusy50 ca | ||
| 101 | 0 | _arus | |
| 102 | _aRU | ||
| 105 | _ac z ||||| | ||
| 200 | 1 |
_aМой русский брат _f[Предисл. Б. Кербабаева _g[Декада русской культуры в Туркменистане] |
|
| 210 |
_aАшхабад] _cТуркменистан _d1965 |
||
| 215 |
_a155 с., 1 отд. л. портр. _d12 |
||
| 606 |
_aРусско-туркменские литературные связи _2psbo |
||
| 700 | 1 |
_aМурадов _bА. _f1935-1975 _gАбдулла |
|
| 702 | 1 |
_aКербабаев _bБ. _4080 |
|
| 801 | 0 |
_aRU _bNLR _gpsbo |
|
| 801 | 1 |
_aRU _bELAR _2rusmarc |
|
| 852 |
_aNLR _j66-1/157 |
||
| 942 | _cBOOK | ||
| 980 | _aNB | ||